000 00692nam a2200289Ia 4500
005 20260324141511.0
008 008 260324s9999 xx 000 0 eng d
020 _a9780429499869
037 _aEBOOK
040 _aCRL
040 _beng
040 _cCRL
041 _2eng
041 _aeng
084 _qCRL
100 _aHector Diaz Polanco
_91208427
245 0 _aIndigenous Peoples In Latin America
245 4 _bThe Quest For Self-determination
260 _bTaylor and Francis
260 _c1997
365 _a
365 _b230
856 _uhttp://www.taylorfrancis.com/books/9780429499869
942 _cEBOOK
999 _c1811584
_d1811584